Život jako riziko aneb zásady pojišťování životních rizik
Gespeichert in:
| 1. Verfasser: | |
|---|---|
| Format: | Buch |
| Sprache: | Tschechisch |
| Veröffentlicht: |
Praha
Aladin Agency
2010
|
| Schlagworte: | |
| Tags: |
Keine Tags, Fügen Sie das erste Tag hinzu!
|
MARC
| LEADER | 00000nam a2200000 4500 | ||
|---|---|---|---|
| 001 | 0130334 | ||
| 005 | 20240313133659.3 | ||
| 020 | |a 978-80-904345-1-6 | ||
| 041 | 0 | |a cze | |
| 044 | |a CZ | ||
| 245 | 1 | 0 | |a Život jako riziko aneb zásady pojišťování životních rizik |c Dušan Šídlo |
| 264 | 1 | |a Praha |b Aladin Agency |c 2010 | |
| 300 | |a 188 s. | ||
| 610 | 2 | 0 | |a poisťovníctvo |
| 610 | 2 | 0 | |a poistenie životné |
| 610 | 2 | 0 | |a chorobnosť |
| 610 | 2 | 0 | |a invalidita |
| 610 | 2 | 0 | |a úrazy pracovné |
| 610 | 2 | 0 | |a riziko |
| 610 | 2 | 0 | |a fondy penzijné |
| 610 | 2 | 0 | |a Česko |
| 100 | 1 | |a Šídlo, Dušan | |